MARC

LEADER 00000nam0a2200000 4500
001 18361
005 20231030191244.0
035 |a (RuTPU)RU\TPU\book\18510 
035 |a BOOK00018579 
090 |a 18361 
100 |a 20011209d1983 k y0rusy50 ca 
101 0 |a rus 
102 |a RU 
105 |a a z 000zy 
200 1 |a Мухаммад ал-Хорезми  |e Около 783 - около 850  |f П. Г. Булгаков, Б. А. Розенфельд, А. А. Ахмедов  |g Академия Наук СССР 
210 |a Москва  |c Наука  |d 1983 
215 |a 239 с.  |c ил. 
600 1 |a Хорезми (аль-Хорезми)  |b М. бен М.  |g Мухаммед бен Муса  |c среднеазиатский ученый  |c малематик  |f 787 - 850  |2 stltpush  |3 (RuTPU)RU\TPU\pers\11648 
610 1 |a культура 
610 1 |a история 
610 1 |a наука 
610 1 |a Средняя Азия 
610 1 |a 8 век 
610 1 |a 9 век 
686 |a Ч213  |v LBC/SL-A  |2 rubbk 
700 1 |a Булгаков  |b П. Г.  |g Павел Георгиевич 
701 1 |a Розенфельд  |b Б. А. 
701 1 |a Ахмедов  |b А. А. 
712 0 2 |a Академия Наук СССР  |2 stltpush  |3 (RuTPU)RU\TPU\col\722 
801 0 |a RU  |b 63413507  |c 20011209  |g PSBO 
801 2 |a RU  |b 63413507  |c 20111213  |g PSBO 
942 |c BK